|
|
|
|
| LEADER |
03167nam a2200733 ia4500 |
| 001 |
nkc20193164597 |
| 003 |
CZ PrNK |
| 005 |
20200225125609.0 |
| 007 |
ta |
| 008 |
191212m20142019xr abc c p 001 0 cze |
| 015 |
|
|
|a cnb003164597
|z cnb002623856
|
| 020 |
|
|
|a 978-80-7289-596-0
|q (učebnice ;
|q brožováno)
|
| 020 |
|
|
|a 978-80-7600-119-0
|q (pracovní sešit ;
|q brožováno)
|
| 035 |
|
|
|a (OCoLC)1140078579
|
| 035 |
|
|
|a (OCoLC)894845611
|
| 040 |
|
|
|a ABA001
|b cze
|e rda
|
| 072 |
|
7 |
|a 93/94
|x Dějiny (obecně)
|2 Konspekt
|9 8
|
| 072 |
|
7 |
|a 37.016
|x Učební osnovy. Vyučovací předměty. Učebnice
|2 Konspekt
|9 22
|
| 080 |
|
|
|a 93/94
|2 MRF
|
| 080 |
|
|
|a 903
|2 MRF
|
| 080 |
|
|
|a 94(3)
|2 MRF
|
| 080 |
|
|
|a (075.2)
|2 MRF
|
| 080 |
|
|
|a (075.3)
|2 MRF
|
| 080 |
|
|
|a (076.1)
|2 MRF
|
| 100 |
1 |
|
|a Bednaříková, Jarmila,
|d 1952-
|7 jk01011338
|4 aut
|
| 245 |
1 |
0 |
|a Dějepis.
|p Pravěk a starověk /
|c Jarmila Bednaříková, Lubor Kysučan, Marie Fejfušová
|
| 246 |
3 |
|
|a Dějepis pro 6. ročník
|
| 246 |
3 |
|
|a Dějepis 6
|
| 246 |
3 |
0 |
|a Pravěk a starověk
|
| 250 |
|
|
|a Čtvrté vydání
|
| 264 |
|
1 |
|a Brno :
|b Nová škola,
|c 2014-2019
|
| 300 |
|
|
|a 2 svazky :
|b ilustrace (převážně barevné), mapy, portréty ;
|c 30 cm
|
| 336 |
|
|
|a text
|b txt
|2 rdacontent
|
| 337 |
|
|
|a bez média
|b n
|2 rdamedia
|
| 338 |
|
|
|a svazek
|b nc
|2 rdacarrier
|
| 490 |
1 |
|
|a Duhová řada
|
| 500 |
|
|
|a Klíč ke cvičením tištěn zvratmo
|
| 500 |
|
|
|a Obsahuje rejstříky
|
| 505 |
0 |
|
|a Učebnice. 2014. 139 stran + Pravěk a starověk na časových přímkách (1 složený list ; 30 x 42 cm) -- Pracovní sešit / napsala: Jana Zrníková. 2019. 68 stran
|
| 521 |
8 |
|
|a Pro 6. ročník základní školy nebo primy víceletého gymnázia
|
| 650 |
0 |
7 |
|a dějepis
|7 ph117186
|2 czenas
|
| 650 |
0 |
7 |
|a pravěk
|7 ph117254
|x dějiny
|2 czenas
|
| 650 |
0 |
7 |
|a starověk
|7 ph126028
|x dějiny
|2 czenas
|
| 650 |
0 |
9 |
|a history (school subject)
|2 eczenas
|
| 650 |
0 |
9 |
|a prehistory
|2 eczenas
|
| 650 |
0 |
9 |
|a antiquity
|x history
|2 eczenas
|
| 655 |
|
7 |
|a učebnice základních škol
|7 fd133773
|2 czenas
|
| 655 |
|
7 |
|a učebnice středních škol
|7 fd133771
|2 czenas
|
| 655 |
|
7 |
|a pracovní sešity
|7 fd133116
|2 czenas
|
| 655 |
|
9 |
|a textbooks (elementary)
|2 eczenas
|
| 655 |
|
9 |
|a textbooks (secondary)
|2 eczenas
|
| 655 |
|
9 |
|a activity books
|2 eczenas
|
| 700 |
1 |
|
|a Kysučan, Lubor,
|d 1968-
|7 mzk2003181888
|4 aut
|
| 700 |
1 |
|
|a Fejfušová, Marie
|7 mzk2009512620
|4 aut
|
| 700 |
1 |
|
|a Zrníková, Jana
|7 jo2013760685
|4 aut
|
| 830 |
|
0 |
|a Duhová řada
|0 s
|
| 910 |
2 |
|
|a BOA001
|b 4-1332.480
|s učebnice, pracovní sešit
|
| 990 |
|
|
|a BK
|
| 995 |
|
|
|a 01
|
| 991 |
|
|
|b 202001
|c NOV
|
| 996 |
6 |
|
|b 2610605953
|c 4-1332.480
|d 1, učebnice
|v 1
|l MZK
|r Sklad / do 1 hodiny
|n 1
|p p.v.
|w 001460054
|u 000010
|a 1
|e BOA001
|j MZK50
|s P
|
| 996 |
7 |
|
|b 2610605954
|c 4-1332.480
|d 1, učebnice
|v 1
|l MZK
|r Sklad / do 1 hodiny
|n 10
|p p.v.
|w 001460054
|u 000020
|a 1
|e BOA001
|j MZK50
|s A
|
| 996 |
6 |
|
|b 2610809354
|c 4-1332.480
|d 2, pracovní sešit
|v 2
|l MZK
|r Sklad / do 1 hodiny
|n 0
|p p.v.
|w 001460054
|u 000030
|a 1
|e BOA001
|j MZK50
|s P
|
| 996 |
7 |
|
|b 2610809355
|c 4-1332.480
|d 2, pracovní sešit
|v 2
|l MZK
|r Sklad / do 1 hodiny
|n 3
|p p.v.
|w 001460054
|u 000040
|a 1
|e BOA001
|j MZK50
|s A
|